[Event "EICC 2017"]
[Site "Minsk"]
[Date "2017.06.10"]
[Round "11"]
[White "Mastrovasilis, Dimitrios"]
[Black "Swiercz, Dariusz"]
[Result "1-0"]
[WhiteElo "2580"]
[BlackElo "2649"]
[Annotator "TA"]
[PlyCount "85"]
[EventDate "2017.??.??"]
[EventCountry "BLR"]
[SourceTitle "playchess.com"]
[Source "ChessBase"]
[SourceQuality "1"]

{[%evp 25,85,6,6,0,0,0,0,0,9,9,6,0,8,-14,0,-20,-12,-17,-7,-16,-10,-15,-18,-37,-32,-37,-37,-39,-33,-48,-40,-42,0,0,0,-12,0,-4,-10,-15,0,0,0,0,0,0,0,0,0,0,0,0,68,40,1024,161,29981,29982,29983,29984,29998,29999]} 1. e4 c5 2. Nf3 d6 3. d4 cxd4 4. Nxd4 Nf6 5. Nc3 a6 6. Be2 e5 7. Nb3 Be7 8. Bg5 Be6 9. Bxf6 Bxf6 10. Qd3 O-O 11. Rd1 {B92: Sicilian Najdorf: 6 Be2} (11. O-O-O Qb6 12. Rhf1 Be7 13. g3 Nc6 14. Nd5 Bxd5 15. exd5 Nb8 16. Bg4 Qc7 17. h4 Nd7 18. h5 Rfe8 {½-½ (51) Oleksienko,M (2643)-Areshchenko,A (2686) Dubai 2017}) 11... Be7 12. Nd5 Bxd5 13. Qxd5 Qc7 {LiveBook: 18 Games} 14. Qd3 Nd7 15. O-O b5 {[#]} 16. Rfe1 $146 ({Predecessor:} 16. c3 Nb6 17. a3 Rad8 {½-½ (44) Kovchan,A (2569)-Bodnaruk,A (2417) St Petersburg 2011}) 16... Nb6 17. c3 Rab8 18. a3 Rfd8 19. Nd2 g6 20. Nf1 d5 21. exd5 Nxd5 22. Qc2 (22. Bf3 $5 {[%cal Rf3d5]} Nf4 23. Qe4 $15) 22... Bc5 23. Bf3 Nb6 24. Ne3 Rxd1 25. Rxd1 Bxe3 26. fxe3 Nc4 27. Qf2 Kg7 28. Bd5 Rb6 29. Rf1 {[%cal Rd5f7]} f5 30. e4 (30. Bxc4 $5 bxc4 31. e4 $15) 30... f4 {Hoping for ...Ne3.} 31. Bxc4 $1 bxc4 $11 {[%mdl 4096] Endgame KQR-KQR} 32. Rd1 Rd6 33. Rxd6 Qxd6 {KQ-KQ} 34. h3 h5 35. Qa7+ Kh6 36. Qf7 Kg5 37. Qxc4 Qb6+ 38. Kh2 Qf2 (38... Qxb2 $11 39. Qc7 Qf2) 39. Qd3 $1 $14 (39. Qxa6 {leads to mate.} f3 40. h4+ Qxh4+ 41. Kg1 Qe1+ 42. Qf1 f2+ 43. Kh2 Qxf1 44. Kh3 Qh1+ 45. Kg3 f1=Q 46. b4 Qhxg2#) 39... Kh4 $2 {[%mdl 8192]} (39... Kh6 $14) 40. b4 $2 (40. Qd8+ g5 41. Qd3 Qg3+ 42. Qxg3+ fxg3+ 43. Kg1) 40... g5 $2 {[#]} (40... Kg5 $18 41. c4 (41. Qxa6 {gets mated.} f3 42. h4+ Qxh4+ 43. Kg1 Qe1+ 44. Qf1 f2+ 45. Kh2 Qxf1 46. Kg3 h4+ 47. Kf3 Qe1 48. g4 f1=Q#) (41. Qd8+ Kh6 $16) 41... Kf6) 41. c4 {[%cal Bc3c4,Bc4c5][%mdl 32] White mates.} Qb2 42. c5 Qd4 43. g3+ {Precision: White = 51%, Black = 33%.} 1-0

[Event "EICC 2017"]
[Site "Minsk"]
[Date "2017.06.10"]
[Round "11"]
[White "Grigoriants, Sergey"]
[Black "Abdulov, Orkhan"]
[Result "1/2-1/2"]
[WhiteElo "2576"]
[BlackElo "2388"]
[Annotator "TA"]
[PlyCount "34"]
[EventDate "2017.??.??"]
[EventCountry "BLR"]
[SourceTitle "playchess.com"]
[Source "ChessBase"]
[SourceQuality "1"]

{[%evp 18,19,47,43]} 1. Nf3 Nf6 2. d4 d5 3. c4 e6 4. Nc3 Be7 5. Bf4 O-O 6. e3 b6 7. Be2 dxc4 8. Bxc4 Bb7 9. O-O c5 {D37: Queen's Gambit Declined: 5 Bf4} 10. dxc5 {LiveBook: 9 Games} {Predecessor:} Qxd1 $146 11. Rfxd1 Bxc5 12. Nb5 Nbd7 13. Nd6 Bd5 14. Bb5 Nh5 15. Bxd7 Nxf4 16. Nb5 Rad8 17. exf4 Rxd7 {½-½ (45) Gelfand,B (2738)-Carlsen,M (2837) Astana 2012} 1/2-1/2

[Event "EICC 2017"]
[Site "Minsk"]
[Date "2017.06.10"]
[Round "11"]
[White "Palac, Mladen"]
[Black "Moiseenko, Alexander"]
[Result "1/2-1/2"]
[WhiteElo "2573"]
[BlackElo "2677"]
[Annotator "TA"]
[PlyCount "25"]
[EventDate "2017.??.??"]
[EventCountry "BLR"]
[SourceTitle "playchess.com"]
[Source "ChessBase"]
[SourceQuality "1"]

{[%evp 24,25,29,0]} 1. e4 c5 2. Nf3 Nc6 3. d4 cxd4 4. Nxd4 Nf6 5. Nc3 e5 6. Ndb5 d6 7. Bg5 a6 8. Na3 b5 9. Nd5 Qa5+ $146 ({Predecessor:} 9... Be7 10. Bxf6 Bxf6 11. c4 b4 12. Nc2 O-O 13. h4 a5 14. g3 Be6 15. Bh3 a4 16. Nce3 Nd4 17. Kf1 b3 18. axb3 Nxb3 19. Ra2 Nc5 20. Kg2 Rb8 21. Nc3 Qd7 22. Qc2 Ra8 23. Nb5 Rab8 24. Nc3 Ra8 25. Nb5 Rab8 26. Nc3 {½-½ (27) Motylev,A (2665)-Grachev,B (2658) Sochi 2017}) 10. Bd2 Qd8 11. Bg5 Qa5+ 12. Bd2 Qd8 13. Bg5 1/2-1/2

[Event "EICC 2017"]
[Site "Minsk"]
[Date "2017.06.10"]
[Round "11"]
[White "Svetushkin, Dmitry"]
[Black "Girya, Olga"]
[Result "0-1"]
[WhiteElo "2573"]
[BlackElo "2476"]
[Annotator "TA"]
[PlyCount "72"]
[EventDate "2017.??.??"]
[EventCountry "BLR"]
[SourceTitle "playchess.com"]
[Source "ChessBase"]
[SourceQuality "1"]

{[%evp 14,72,40,25,30,27,31,35,25,17,28,20,18,8,8,0,0,0,4,0,23,-52,-78,-50,-9,-205,-202,-226,-206,-210,-212,-216,-172,-191,-180,-168,-147,-143,-154,-132,-136,-239,-226,-250,-248,-291,-208,-257,-249,-592,-543,-807,-411,-753,-531,-531,-531,-531,-501,-498,-465]} 1. e4 c6 2. d4 d5 3. e5 Bf5 4. Nf3 e6 5. Be2 Ne7 6. c3 h6 7. O-O Nd7 8. Nbd2 {LiveBook: 90 Games. B12: Caro-Kann: Advance Variation} (8. a4 c5 9. dxc5 Nxc5 10. Nd4 Bg6 11. a5 a6 12. Be3 Nf5 13. Nxf5 Bxf5 14. Nd2 Be7 15. Nb3 Rc8 16. Nxc5 Bxc5 {½-½ (46) Fressinet,L (2676)-Melkumyan,H (2653) Germany 2017}) 8... a5 9. a4 Bg6 10. Nb3 {White is slightly better.} Nf5 11. Bd2 Be7 $146 ({Predecessor:} 11... Qb6 12. Ne1 Be7 13. Nd3 O-O 14. Re1 Bh7 15. Bf1 Qc7 {½-½ (38) Ilyasov,A (2282)-Anikeev,V (2202) ICCF email 2013}) 12. c4 dxc4 13. Bxc4 Bh5 14. Be2 Nf8 15. Bc3 Ng6 16. g3 O-O 17. Nfd2 (17. h3 $11) 17... Bxe2 $15 18. Qxe2 Qd5 (18... b5 $5 19. axb5 a4 20. bxc6 axb3 $15) 19. Nc4 $2 {[#]} (19. Qf3 $11 {and White has nothing to worry.}) 19... b5 $19 20. axb5 cxb5 21. Ncxa5 b4 $40 {[%mdl 128] Black goes for the king.} 22. Bd2 Rfc8 {...Bd8 is the strong threat.} ({Less strong is} 22... Nxd4 23. Nxd4 Qxd4 24. Nc4 $15) 23. Qd1 Nxd4 24. Nxd4 {[#] aiming for Nab3.} Qxd4 25. Be3 Qxe5 26. Nc6 Qxb2 27. Rxa8 (27. Rb1 $17 {is a better defense.} Qc3 28. Nxe7+ Nxe7 29. Bd2) 27... Rxa8 28. Bd4 Qa2 29. Qg4 Re8 30. h4 Qc4 31. Nxe7+ $2 (31. h5 {is a better chance.} Qxc6 32. hxg6) 31... Rxe7 32. Ra1 Re8 33. Ra5 (33. Qe4 $142) 33... Rd8 {Black is clearly winning.} 34. h5 Qxd4 35. Qxd4 Rxd4 36. hxg6 fxg6 {Precision: White = 34%, Black = 66%.} 0-1

[Event "EICC 2017"]
[Site "Minsk"]
[Date "2017.06.10"]
[Round "11"]
[White "Deac, Bogdan-Daniel"]
[Black "Nguyen, Thai Dai Van"]
[Result "1/2-1/2"]
[WhiteElo "2572"]
[BlackElo "2461"]
[Annotator "TA"]
[PlyCount "88"]
[EventDate "2017.??.??"]
[EventCountry "BLR"]
[SourceTitle "playchess.com"]
[Source "ChessBase"]
[SourceQuality "1"]

{[%evp 14,88,0,-7,13,-23,-23,-22,43,-23,13,0,0,0,0,0,0,0,0,-32,0,0,0,0,18,0,10,7,41,0,59,-10,0,0,-6,-10,-17,-111,-108,-27,-38,-137,-123,-137,-128,-134,-126,-205,-101,-91,-96,-99,-92,-120,-119,-216,-226,-213,-86,-86,-87,-173,-136,-156,0,0,0,-68,-82,-116,-116,-88,0,0,0,0,0]} 1. d4 Nf6 2. c4 e6 3. Nc3 Bb4 4. e3 O-O 5. Bd3 d5 6. Nf3 b6 7. cxd5 {E52: Nimzo-Indian: Rubinstein: 4...0-0 5 Nf3 d5 6 Bd3 b6} exd5 8. Bd2 {LiveBook: 16 Games} c5 (8... Bb7 9. O-O Re8 10. Rc1 Bf8 11. Ne5 c5 12. f4 Nc6 13. Bb5 Rc8 14. Be1 cxd4 15. exd4 a6 16. Nxc6 Bxc6 17. Bxa6 {0-1 (45) Riazantsev,A (2671)-Wojtaszek,R (2749) Doha 2016}) 9. a3 Bxc3 10. Bxc3 Ne4 $146 (10... c4 $11 11. Bc2 Bg4) ({Predecessor:} 10... c4 11. Bc2 Bg4 12. Qb1 Bxf3 13. gxf3 Nc6 14. Ba4 Ne7 {1-0 (29) Sokolov,I (2623)-Vazquez Igarza,R (2606) Montpellier 2015}) 11. h4 (11. dxc5 $14 bxc5 12. Qc2) 11... h6 12. Ne5 Nxc3 13. bxc3 Nd7 14. Qh5 Nxe5 15. Qxe5 Be6 16. Kd2 Re8 17. Qf4 cxd4 18. cxd4 b5 19. g4 Qa5+ 20. Ke2 Rac8 21. h5 Qc7 (21... f6 $11) 22. Qf3 (22. Kf3 $14) 22... Qd7 23. Rhg1 {Threatens to win with g5.} f6 24. Rab1 (24. Bg6 $5 {[%cal Rg6e8]}) 24... a6 25. Rb3 (25. Bg6 $11 {remains equal.}) 25... Rc1 $1 $17 {[%cal Rc1g1]} 26. Rb1 (26. Rxc1 $2 Bxg4 27. Bg6 Rc8 $19) (26. Rg2 $17) 26... Rc3 27. Bg6 (27. Qf4 $1 $15) 27... Rec8 28. Qf4 Rxa3 29. Kf3 Qc7 30. Ra1 (30. Qxc7 $17 {might work better.} Rxc7 31. Ra1 Rxa1 32. Rxa1) 30... Qxf4+ (30... Rxa1 $1 $19 31. Rxa1 Qb6) 31. Kxf4 Rxa1 32. Rxa1 $19 {[%mdl 4096] Endgame KRB-KRB} Rc6 33. e4 Kf8 $1 34. Re1 (34. e5 $17 {is a better defense.}) 34... dxe4 35. Bxe4 Rd6 (35... Rc4 $19 {and Black stays clearly on top.} 36. Ra1 Ra4) 36. d5 $17 Bd7 37. Ke3 (37. Rc1 $17) 37... a5 38. Kd4 {Strongly threatening Kc5.} a4 $2 (38... Bxg4 $17 {...Rd8 is the strong threat.} 39. Kc5 Rd8 40. Kxb5 Bxh5) 39. Kc5 $11 Ra6 40. d6 (40. Bf5 $1 $11 Bxf5 41. gxf5) 40... a3 $1 $15 {[%cal Ra3a2] White must now prevent ...a2.} ({Stronger than} 40... Bxg4 41. Bc6 $16) 41. Bb7 {[#]} Ra4 $1 {Hoping for ...a2.} 42. Bd5 {[#]} a2 ({Don't play} 42... Bxg4 $6 43. Kxb5 Bd7+ 44. Bc6 $11) ({Don't go for} 42... Rxg4 $2 43. Re7 $18) (42... b4 $1 $17 43. Bb3 Ra5+ 44. Kxb4 Ra6) 43. Ra1 $11 Ke8 44. f3 f5 {Precision: White = 33%, Black = 43%.} 1/2-1/2

[Event "EICC 2017"]
[Site "Minsk"]
[Date "2017.06.10"]
[Round "11"]
[White "Wagner, Dennis"]
[Black "Grandelius, Nils"]
[Result "1/2-1/2"]
[WhiteElo "2571"]
[BlackElo "2665"]
[Annotator "TA"]
[PlyCount "75"]
[EventDate "2017.??.??"]
[EventCountry "BLR"]
[SourceTitle "playchess.com"]
[Source "ChessBase"]
[SourceQuality "1"]

{[%evp 26,75,24,0,29,18,34,19,2,0,20,0,0,25,62,55,66,58,74,0,83,0,0,0,29,32,87,64,62,0,0,0,0,0,0,0,0,0,0,0,0,0,0,0,0,0,0,0,0,0,0,0]} 1. d4 d5 2. c4 c6 3. Nf3 Nf6 4. Nc3 dxc4 5. a4 e6 6. e4 Bb4 7. e5 Nd5 8. Bd2 b5 9. axb5 Bxc3 10. bxc3 cxb5 {D31: Queen's Gambit Declined: Semi-Slav without ...Nf6 (+ Marshall Gambit and Noteboom) and Exchange Variation lines without ...Nf6} 11. Ng5 Bb7 12. Qh5 Qe7 13. Be2 Nd7 14. Bf3 {LiveBook: 3 Games} (14. O-O a5 15. Rfb1 Bc6 16. Bg4 Nc7 17. Bd1 g6 18. Qh3 h6 19. Bc2 Nb6 20. Ne4 Bxe4 21. Bxe4 Nbd5 22. Qf3 Ra6 23. g3 g5 24. Bc1 {½-½ (24) Wang,H (2683)-Fressinet,L (2662) Sharjah 2017}) 14... N7b6 15. O-O $146 ({Predecessor:} 15. h4 h6 16. Ne4 Nc8 17. Nc5 Ncb6 18. Qg4 Kf8 19. Rh3 Bc6 20. Rg3 g6 21. Be4 h5 22. Qf3 Kg7 23. Bg5 Qc7 24. Bf6+ Kh7 25. Qxh5+ {1-0 (25) Horvath,M (2022)-Mayrhuber,N (1650) Feldkirch 2013}) 15... a5 16. Rab1 {[%mdl 1024] White has compensation.} Bc6 17. Rfe1 a4 18. Ne4 O-O 19. Bg5 f6 20. exf6 gxf6 21. Bh6 $36 {[%mdl 2048] White is more active.} Rf7 22. Nc5 e5 $1 23. Re4 ({Better is} 23. Be4 $16) 23... a3 $11 24. Ra1 $1 Kh8 (24... b4 $5 {[%cal Rb4b3]} 25. cxb4 (25. dxe5 $2 f5 $17) 25... Nxb4 26. dxe5 f5 $17) 25. dxe5 {Threatens to win with e6.} f5 {[#]} ({Black should try} 25... Nxc3 $14 26. e6 Rff8) 26. Rd4 $1 $16 {Hoping for e6.} Rg8 $1 27. e6 (27. Kf1 $14) 27... Rf6 $11 {The position is equal.} 28. Bg5 Qxc5 29. Bxd5 $1 Rfg6 $1 {[%cal Rg6g5]} ({But not} 29... Nxd5 $2 30. Rxd5 Qf8 {[#]} 31. Rd6 $1 $18 {[%mdl 512]}) 30. Rh4 {[%csl Gh4][%cal Rh5h7]} R8g7 31. Bxc6 Rxg5 32. Qe8+ Rg8 33. Qf7 {[%csl Gf7][%cal Rh4h7]} R5g7 34. Rxh7+ $1 Rxh7 35. Qf6+ Rhg7 36. Qh6+ Rh7 37. Qf6+ Rhg7 38. Qh6+ {Precision: White = 56%, Black = 68%.} 1/2-1/2

[Event "EICC 2017"]
[Site "Minsk"]
[Date "2017.06.10"]
[Round "11"]
[White "Bortnyk, Olexandr"]
[Black "Sjugirov, Sanan"]
[Result "0-1"]
[WhiteElo "2567"]
[BlackElo "2654"]
[Annotator "TA"]
[PlyCount "120"]
[EventDate "2017.??.??"]
[EventCountry "BLR"]
[SourceTitle "playchess.com"]
[Source "ChessBase"]
[SourceQuality "1"]

{[%evp 16,120,13,7,15,15,24,0,23,-45,-45,-26,-19,-11,-15,-22,-12,-29,0,0,23,25,10,18,18,15,0,6,13,-14,0,-17,-14,-34,-30,-45,-33,-43,-39,-47,0,0,0,-83,-83,-89,-63,-110,-108,-180,-180,-213,-212,-220,-210,-204,-172,-161,-145,-144,0,-156,0,-133,-107,-175,-150,-200,-199,-201,-191,-225,-235,-233,-137,-137,0,-220,0,-128,-124,-260,-256,-241,-220,-239,0,-236,-220,-205,-195,-168,0,-209,0,-205,-94,-277,-232,-665,-652,-618,-312,-666,-660,-5043,-4875]} 1. e4 c5 2. Nf3 d6 3. Bc4 Nf6 4. d3 Nc6 5. c3 g6 6. Bb3 Bg7 7. h3 O-O 8. O-O e5 {B50: Sicilian: 2...d6, Miscellaneous} (8... b6 9. Re1 Bb7 10. d4 e5 11. dxc5 dxc5 12. Qe2 Qc7 13. Bg5 Na5 14. Bc2 c4 15. Nbd2 h6 16. Bxf6 Bxf6 {1-0 (81) Gharamian,T (2654)-Muzychuk,A (2549) Cap d'Agde 2015}) 9. Re1 {LiveBook: 37 Games} Re8 10. Be3 $146 ({Predecessor:} 10. Nbd2 h6 11. Nf1 d5 12. Ng3 d4 13. cxd4 cxd4 14. Nh2 Be6 15. Bxe6 Rxe6 16. Bd2 {½-½ (28) Lobzhanidze,D (2483)-Houriez,C (2328) La Fere 2011}) 10... b6 {The position is equal.} 11. Nbd2 Bb7 12. d4 (12. Nh2 $11) 12... exd4 $15 13. cxd4 cxd4 14. Nxd4 Ne5 15. Bg5 h6 16. Bh4 d5 17. f4 Nd3 {[%cal Rd5e4]} 18. e5 Nxe1 19. Qxe1 Qb8 20. Ba4 Ne4 21. Nxe4 dxe4 22. Qg3 Qc8 {And now ...Qc4 would win.} (22... Qc7 $5 {[%cal Rc7c4]} 23. Bxe8 Rxe8 $15) 23. Qe3 Qc4 24. Bxe8 Rxe8 25. Rc1 Qxa2 26. Rc7 Qd5 $36 {[%mdl 2048] Black has the initiative.} 27. Ne2 {Hoping for Nc3.} Qd1+ 28. Kh2 Qd3 29. Qxd3 (29. Bf2 $1 $11 {remains equal.} Ba6 30. Nc3) 29... exd3 $17 {[%cal Be4d3,Bd3d2][%mdl 32]} 30. Nc3 Bc8 {Threatens to win with ...g5!} 31. Bf2 Be6 32. Rxa7 (32. Be3 $17) 32... d2 $1 $19 33. Be3 Rd8 34. Ra1 Bb3 35. Nd1 Bf8 36. Kg3 Rc8 37. Nf2 Rd8 38. Nd1 $1 Rc8 {aiming for ...Rc1!} 39. Nf2 Bb4 $1 40. Kf3 (40. Bxb6 $17 Rc1 41. Ra8+ Kh7 42. Rd8) 40... b5 41. Ke2 Rc2 42. Nd1 Kh7 43. g4 Bc4+ 44. Kf3 {[#]} Bd5+ (44... Be6 $1 $19 45. Ke4 Bb3) 45. Ke2 $17 Bc4+ (45... Kg8 $17 46. Kd3 Bb3) 46. Kf3 $19 {[#]} Bb3 ({Black should play} 46... Be6 $1 $19 47. Ke2 h5) 47. Ke2 $17 h5 48. Rb1 (48. f5 $17 {might work better.}) 48... Bc4+ $19 49. Kf3 Bd5+ 50. Ke2 Bc4+ 51. Kf3 hxg4+ 52. hxg4 Bd5+ 53. Ke2 Bc4+ 54. Kf3 Bd5+ 55. Ke2 {intending Kd3.} Be6 (55... Ba2 $19 {is more deadly.} 56. Ra1 Bc4+ 57. Kf3 Be6) 56. Kf3 $2 (56. Kd3 $17 Rc8 57. Nc3) 56... Bc5 57. f5 $2 (57. Bxc5 Rc1 58. Ke3) 57... gxf5 58. gxf5 Bxf5 59. Nc3 $2 (59. Ra1) 59... Bxe3 60. Rh1+ Bh6 {Precision: White = 45%, Black = 41%.} 0-1

[Event "EICC 2017"]
[Site "Minsk"]
[Date "2017.06.10"]
[Round "11"]
[White "Santos Latasa, Jaime"]
[Black "Erdogdu, Mert"]
[Result "1/2-1/2"]
[WhiteElo "2567"]
[BlackElo "2448"]
[Annotator "TA"]
[PlyCount "81"]
[EventDate "2017.??.??"]
[EventCountry "BLR"]
[SourceTitle "playchess.com"]
[Source "ChessBase"]
[SourceQuality "1"]

{[%evp 9,81,48,56,38,51,54,47,50,62,39,40,39,49,24,39,27,21,24,34,21,20,29,22,19,22,25,27,23,27,33,26,20,26,10,50,29,45,25,37,16,25,0,0,0,17,0,0,0,0,5,23,16,29,29,32,0,44,0,0,0,0,0,0,0,0,0,0,0,0,0,0,0,0,0]} 1. e4 d5 2. exd5 Qxd5 3. Nc3 Qd6 4. d4 Nf6 5. Nf3 c6 6. g3 {B01: Scandinavian Defence} (6. Ne5 Nbd7 7. Nc4 Qc7 8. a4 Nd5 9. Bd3 g6 10. Qf3 N7f6 11. Nxd5 Nxd5 12. O-O Bg7 13. c3 O-O 14. Qg3 Qxg3 15. hxg3 {½-½ (28) Caruana,F (2808)-Carlsen,M (2857) Baku 2016}) 6... Bg4 7. Bg2 e6 8. O-O {White is slightly better.} Be7 9. h3 (9. Bf4 $5 {[%cal Rf4d6]} Qd8 10. h3 $14) 9... Bxf3 10. Bxf3 O-O 11. Ne2 (11. Bf4 $5 {[%cal Rf4d6]} Qd8 12. a3 $14) 11... Nbd7 12. c3 Qc7 13. Bg2 Rad8 14. Qc2 $146 Rfe8 15. Re1 Bf8 16. Bd2 g6 17. Rad1 Bg7 18. Bf4 Qb6 19. c4 e5 20. Be3 {[#] aiming for dxe5.} Qc7 21. b3 a5 22. dxe5 Nxe5 23. Rxd8 Rxd8 24. Rd1 Bf8 25. Bf4 {[#] Rxd8 is the strong threat.} Rxd1+ 26. Qxd1 Bc5 27. g4 Nfd7 28. Ng3 Qd6 29. Qe2 Qd3 (29... Qd4 $5 {[%cal Rd4f4]} 30. Ne4 Bb4 $11) 30. Be4 Qc3 31. Kg2 a4 32. Qc2 Qd4 33. Qd2 Qa1 {The position is equal.} 34. b4 Bd4 35. Ne2 Bb2 36. g5 Qxa2 37. Bxe5 Nxe5 38. Qd8+ Kg7 39. Qf6+ Kg8 {Threatens to win with ...Nd7.} 40. Qd8+ Kg7 41. Qf6+ {Precision: White = 56%, Black = 60%.} 1/2-1/2

[Event "EICC 2017"]
[Site "Minsk"]
[Date "2017.06.10"]
[Round "11"]
[White "Zhigalko, Andrey"]
[Black "Andriasian, Zaven"]
[Result "1-0"]
[WhiteElo "2566"]
[BlackElo "2622"]
[Annotator "TA"]
[PlyCount "147"]
[EventDate "2017.??.??"]
[EventCountry "BLR"]
[SourceTitle "playchess.com"]
[Source "ChessBase"]
[SourceQuality "1"]

{[%evp 11,147,20,20,20,23,8,23,22,24,14,18,26,32,32,32,23,24,29,24,25,47,39,43,42,34,22,20,21,21,14,17,17,62,6,29,20,20,19,75,78,80,79,62,60,70,41,43,50,42,3,3,0,0,0,0,-5,0,-75,-76,-77,-82,-72,-81,-97,-106,-85,-83,-106,-33,-29,-35,-63,0,0,0,0,0,0,0,0,0,0,0,0,0,0,0,0,182,179,175,165,180,205,208,174,193,178,143,0,199,0,332,327,295,202,469,436,533,522,552,510,550,460,556,523,1597,1219,6515,12508,11968,9549,4570,4523,29966,29967,29966,29964,4614,1827,29980,29980,29980,29981,29981,29982,29982,29979]} 1. e4 c5 2. Nf3 d6 3. d4 cxd4 4. Qxd4 Nc6 5. Bb5 Bd7 6. Qd3 g6 7. c4 {B53: Sicilian: 2...d6: Lines with Qxd4} Bg7 8. Nc3 Nf6 9. O-O {White has an edge.} (9. Bxc6 $5 bxc6 10. h3 $11) 9... O-O 10. h3 Rc8 11. Be3 a6 12. Bxc6 Bxc6 13. Nd4 Nd7 14. Qd2 (14. Rac1 Nc5 {½-½ (35) Malakhov,V (2713)-Li,C (2720) Doha 2016}) 14... Nc5 15. f3 $146 Bd7 16. Rac1 Re8 17. b3 Qa5 18. Rfd1 Ne6 19. Nde2 b5 20. Nd5 Qxd2 21. Rxd2 Rb8 22. Nb6 (22. cxb5 $14 Bxb5 23. Nd4) 22... Bc6 (22... Rxb6 $5 23. Bxb6 Bh6 $11) 23. cxb5 Bxb5 24. Nc3 Nc5 (24... Rxb6 $11 {remains equal.} 25. Bxb6 Bh6) 25. Nxb5 $16 axb5 26. Nd5 $1 Ne6 27. Kf2 h5 28. g4 hxg4 29. hxg4 g5 30. Rdc2 Ra8 31. Rd1 Be5 32. Nb6 Ra6 33. Rd5 Kg7 34. Ke2 (34. Rdd2 $1 $11) 34... Nf4+ $17 35. Bxf4 Bxf4 36. Nc8 e6 $1 {[%cal Re6d5]} 37. Rxb5 Rh8 38. Kd3 Rh3 39. Rb6 Rxf3+ (39... Ra8 $1 $17 40. Rbc6 Rxf3+ 41. Kc4 Rb8) 40. Kc4 $15 Ra8 41. Kb5 Re3 (41... Rg3 $15) 42. Nxd6 $11 Bxd6 43. Rxd6 Rxe4 {[%mdl 4096] Endgame KRR-KRR} 44. Rg2 Kg6 45. Rb6 f5 46. gxf5+ Kxf5 47. a4 g4 48. Rb7 Re5+ 49. Kb4 {Black should prevent Rf7+.} Kf4 $2 (49... Re3 $11 {and Black is okay.}) 50. Rf7+ $18 Rf5 {Hoping for ...Kf3.} 51. Rg7 Rb8+ 52. Ka3 e5 {...Rg5 would now be nice for Black.} 53. R7xg4+ Ke3 54. Rg1 Rf3 55. Rg8 (55. Re1+ $1 $16 Kf2 56. Rb1 (56. Rxe5 Rfxb3+ 57. Ka2 Rb2+ 58. Ka1 Rb1+ 59. Ka2 R8b2+ 60. Ka3 Rb3+ 61. Ka2 Kf3 $11)) 55... Rb7 $2 (55... Rxg8 $11 56. Rxg8 e4) 56. R1g7 $2 (56. a5 $18) 56... Rb6 $2 {[%mdl 8192]} (56... Rxg7 $11 {and Black has nothing to worry.} 57. Rxg7 e4) 57. a5 Rd6 58. Rg6 Rd5 $2 (58... Rd1 59. Re6 Ra1+ 60. Kb4 Rb1) 59. b4 e4 60. a6 Rd1 61. Ka4 $1 Ra1+ 62. Kb5 Rf5+ 63. Kb6 Rb1 {[#]} 64. a7 $1 ({Not} 64. Rg3+ Kd4 $11) 64... Rxb4+ 65. Kc6 Rc4+ 66. Kd6 Rd4+ {[#]} 67. Ke6 $1 Ra5 68. a8=Q Rxa8 69. Rxa8 Rb4 70. Ra3+ Kf2 71. Rf6+ {White mates.} Ke2 72. Rf4 Rb6+ 73. Kd5 e3 74. Re4 {Precision: White = 65%, Black = 51%.} 1-0

[Event "EICC 2017"]
[Site "Minsk"]
[Date "2017.06.10"]
[Round "11"]
[White "Donchenko, Alexander"]
[Black "Kanmazalp, Ogulcan"]
[Result "*"]
[WhiteElo "2563"]
[BlackElo "2447"]
[Annotator "TA"]
[PlyCount "28"]
[EventDate "2017.??.??"]
[EventCountry "BLR"]
[SourceTitle "playchess.com"]
[Source "ChessBase"]
[SourceQuality "1"]

{[%evp 11,19,-4,-4,-8,-12,11,0,-2,7,-6]} 1. d4 d5 2. Bf4 c5 3. e3 Nc6 4. c3 {[%cal Bc2c3,Bc3c4][%mdl 32]} Nf6 5. Nd2 Bf5 6. Ngf3 e6 {The position is equal.} 7. Qb3 {D00: 1 d4 d5: Unusual lines} (7. Be2 h6 8. O-O Be7 9. dxc5 Bxc5 10. c4 O-O 11. a3 Be7 12. cxd5 Nxd5 13. Bg3 Bh7 14. Nc4 Qd7 {0-1 (75) Rakhmanov,A (2667)-Alekseev,E (2632) Tallinn 2016}) 7... Qc8 8. c4 cxd4 9. Nxd4 Nxd4 10. exd4 {Predecessor:} Be7 $146 11. Rc1 O-O 12. Be2 dxc4 13. Nxc4 Qd7 14. O-O Be4 {0-1 (32) Sorcinelli,A (1753)-Jandek,S (2311) LSS email 2012} *

[Event "EICC 2017"]
[Site "Minsk"]
[Date "2017.06.10"]
[Round "11"]
[White "Donchenko, Alexander"]
[Black "Kanmazalp, Ogulcan"]
[Result "1-0"]
[WhiteElo "2563"]
[BlackElo "2447"]
[Annotator "TA"]
[PlyCount "61"]
[EventDate "2017.??.??"]
[EventCountry "BLR"]
[SourceTitle "playchess.com"]
[Source "ChessBase"]
[SourceQuality "1"]

{[%evp 12,61,0,0,0,0,0,0,0,0,22,22,17,11,7,-5,-13,-8,0,0,0,0,38,43,42,38,52,50,43,41,65,58,50,50,109,114,99,87,134,116,152,149,156,148,170,176,222,186,264,273,335,337]} 1. d4 d5 2. Bf4 c5 3. e3 Nc6 4. c3 Nf6 5. Nd2 Bf5 6. Ngf3 e6 7. Qb3 {LiveBook: 18 Games. D00: 1 d4 d5: Unusual lines} (7. Be2 h6 8. O-O Be7 9. dxc5 Bxc5 10. c4 O-O 11. a3 Be7 12. cxd5 Nxd5 13. Bg3 Bh7 14. Nc4 Qd7 {0-1 (75) Rakhmanov,A (2667)-Alekseev,E (2632) Tallinn 2016}) 7... Qc8 8. c4 cxd4 9. Nxd4 {The position is equal.} Nxd4 10. exd4 dxc4 $146 ({Predecessor:} 10... Be7 11. Rc1 O-O 12. Be2 dxc4 13. Nxc4 Qd7 14. O-O Be4 {0-1 (32) Sorcinelli,A (1753)-Jandek,S (2311) LSS email 2012}) 11. Nxc4 Be4 12. Rc1 Qd8 13. Ne5 a6 $1 14. Bc4 $132 {[%mdl 2048] [#] Threatens to win with Nxf7! White has counterplay} Bd5 ({Reject} 14... Bxg2 {[#]} 15. Nxf7 $1 {[%mdl 512]} Qxd4 16. Be3 $14) 15. O-O Be7 16. Bg5 O-O (16... Bxc4 {looks sharper.} 17. Rxc4 b5 18. Rc3 Qxd4 19. Nc6 Qd5) 17. Bxf6 Bxf6 18. Bxd5 Qxd5 19. Qxd5 exd5 20. Rc7 Bxe5 21. dxe5 $14 {[%mdl 4096] Endgame KRR-KRR} b5 22. f4 Rfd8 ({Black should try} 22... Rae8 $14) 23. Kf2 $16 d4 24. Rd1 Rd5 25. Rd3 a5 26. Kf3 g6 27. Ke4 Rad8 28. g4 a4 29. a3 h6 (29... h5 {was necessary.}) 30. h4 $18 {[%cal Bh2h4,Bh4h5][%mdl 32]} Kf8 31. h5 {Precision: White = 90%, Black = 28%.} 1-0